| 000 | 00566nam a2200133Ia 4500 | ||
|---|---|---|---|
| 008 | 260210s9999 xx 000 0 und d | ||
| 024 | _a19B-005-PE, 19B-008-PE, 19B-026-PE and 19B-041-PE | ||
| 082 | _a621.312136 KAM | ||
| 100 | _aMuhammad Kamal, Fahad Mansoor, Waseel Khalid and Muhammad Sadiq Khan | ||
| 245 | 0 | _aPower generatin using savonius vertical axis wind turbine | |
| 260 |
_aKarachi: _bUITU, _c2019 |
||
| 600 | _aPower Engineering | ||
| 856 |
_uhttps://drive.google.com/file/d/16C1X5hNK3M0GoA3q2ly8NLbjgDaJQGDA/view?usp=sharing _yClick here for online reading |
||
| 999 |
_c33367 _d33367 |
||